Padáky nad Slovenskem 2. československá samostatná paradesantní brigáda v SSSR

Bibliographic Details
Main Author: Šolc, Jiří, 1932-2010 (Author)
Format: Book
Language:Czech
PhysicalDescription:194, [2] s. fotogr., mp., tab. 24 cm
Published: Praha Ares c1997
ISBN:8086158004
8086116093
Subjects:

MARC

LEADER 00000nam a2200000 a 4500
001 vtls001378022
003 SK-MaSNL
005 20260302000649.0
008 240313s1997 xr abg r yy cze
015 |a SNBZSA1999-00389 
020 |a 8086158004  |c 188,00 Kč 
020 |a 8086116093 
035 |a SNK000331982 
035 |a urn:nbn:sk:snk-amk2h4 
035 |a urn:nbn:sk:snk-am00585d 
035 |a 3560FC8E-90A9-410C-8D0E-BDFB5528614C 
040 |a SNK  |b slo  |c SNK  |e AACR2 
041 0 |a cze 
043 |a e-sk 
044 |a CZ 
080 |a 355.311.6"1944"=850  |2 1981 
080 |a 943.76"1944"  |2 1981 
100 1 |a Šolc, Jiří,  |d 1932-2010  |4 aut  |9 351077 
245 1 0 |a Padáky nad Slovenskem  |b 2. československá samostatná paradesantní brigáda v SSSR  |c Jiří Šolc 
260 |a Praha  |b Ares  |c c1997 
300 |a 194, [2] s.  |b fotogr., mp., tab.  |c 24 cm 
500 |a Fareb. ilustr. na obál. 
500 |a Vydané v spolupráci s vydav. Corona 
504 |a Pozn. Reg. 
610 2 7 |a Druhá československá paradesantná brigáda v ZSSR  |2 SNKKA  |9 78590 
648 7 |a 1944  |2 SNKPH  |9 294704 
655 7 |a príručky  |2 SNKPH  |9 74364 
919 |a 80-86158-00-4 
919 |a 80-86116-09-3 
958 |a OS 
958 |a ZS 
958 |a TL 
958 |a CZ 
999 |c 980554  |d 982484 
952 |t P60, <03>, [BOOK], {603}  |a SNK  |b SNK  |y PREZ  |7 0  |p 17A0214972  |o snkSC 100320  |i snkV 1673/99  |0 0  |1 0  |4 0  |d 1999-12-07  |f 1  |l 0  |r 2025-09-19 00:00:00  |w 2026-02-24